Encyclopaedia Britannica-2009-Book of the Year (Record n. 87427)

Dettagli MARC
000 -LEADER
fixed length control field 01847nam a2200289Ia 4500
001 - CONTROL NUMBER
control field L2507
003 - CONTROL NUMBER IDENTIFIER
control field IT-RoPAU
008 - FIXED-LENGTH DATA ELEMENTS--GENERAL INFORMATION
fixed length control field 130308s9999 xx 000 0 und d
040 ## - CATALOGING SOURCE
Original cataloging agency IT-RoPAU
040 ## - CATALOGING SOURCE
Transcribing agency IT-RoPAU
041 ## - LANGUAGE CODE
Language code of text/sound track or separate title INGLESE
100 ## - MAIN ENTRY--PERSONAL NAME
Personal name AA.VV.
100 ## - MAIN ENTRY--PERSONAL NAME
Miscellaneous information Codice Aut. SPICS: 12000
245 ## - TITLE STATEMENT
Title Encyclopaedia Britannica-2009-Book of the Year
245 ## - TITLE STATEMENT
Remainder of title Encyclopaedia Britannica-2009-Book Of The Year
250 ## - EDITION STATEMENT
Edition statement 1a ed.
260 ## - PUBLICATION, DISTRIBUTION, ETC. (IMPRINT)
Place of publication, distribution, etc. CHICAGO
260 ## - PUBLICATION, DISTRIBUTION, ETC. (IMPRINT)
Name of publisher, distributor, etc. Encyclopaedia Britannica
260 ## - PUBLICATION, DISTRIBUTION, ETC. (IMPRINT)
Date of publication, distribution, etc. 2009 [1° Ed.:2009 - Ed.Ling.Originale:2009]
300 ## - PHYSICAL DESCRIPTION
Extent "882 p. (prefazione: no ; testo: 882 [pagine: 0-0])"
500 ## - GENERAL NOTE
General note "Enciclopedia Britannica: Libro Eventi dell'anno 2008. Calendario con I Dati Giorno per Giorno e Mese per Emse di tutto Il 2008. Disastri principali dell'Anno. premi Nobel 2008. Note biografiche dei Personaggi che si Sono Distinti in Politica, Arte, Spettacolo, Sport... Personaggi Defunti nel 2008. relazioni Speciali Su: Crisi Finanziaria; Elezioni Usa; Il Nuovo Giornalismo Cittadino; prezzi del cibo che Salgono Alle Stelle: la Crisi Globale; I Vegetariani Liberi: gli Ultimi Riciclatori; I precetti della medicina Tradizionale Cinese; la Seria Frattura della Chiesa Anglicana; la Turchia Laica e Il Problema Islamico; terrore a Mumbai; Xxix Giochi Olimpici. Eventi del 2008 In: Antropologia e Archeologia; Architettura e Ing. Civile, Arte e Musei, Economia, Computer, Scienze Terrestri, Istruzione, Ambiente, Moda, salute e Malattia, Scienze Umane, Letteratura, Affari Militari, Arti che Sieseguono, Scienze Psichiche, Religione, sport e Giochi. nel Mondo nel 2008: Affari Mondiali, nazioni del Mondo con I Loro Dati. Bibliografia e Fonti. Indice."
650 ## - SUBJECT ADDED ENTRY--TOPICAL TERM
Topical term or geographic name as entry element ENCICLOPEDIE DI CULTURA GENERALE
650 ## - SUBJECT ADDED ENTRY--TOPICAL TERM
Relator term Codice materia Spics: 1001
942 ## - ADDED ENTRY ELEMENTS (KOHA)
Koha item type LIBRO
957 ## -
-- 1
999 ## - SYSTEM CONTROL NUMBERS (KOHA)
-- 1
Dati di copia
Withdrawn status Lost status Damaged status Not for loan Home library Current library Date acquired Total Checkouts Full call number Date last seen Price effective from Koha item type Public note
    Buone Condizioni Not For Loan SPICS-MEDIATECA SPICS-MEDIATECA 08/03/2013   L2507 08/03/2013 08/03/2013 LIBRO Progressivo inserimento: 108 / N. Volumi: 1 Copie: 1 / data import: 1 marzo 2013 - By Epidotti, Trombetti, Vaglietti.
CREDITS: SOCIETA' SAN PAOLO Via A.Severo, 58 - ROMA (RM) & PERIODICI SAN PAOLO SRL Via Giotto, 36 MILANO & CISF Via Giotto, 36 MILANO & EDIZIONI SAN PAOLO SRL,  Piazza Soncino, 5 CINISELLO BALSAMO (MI) -- ITALY